Analytical chemistry and quantitative analysis / (Record no. 16647)

MARC details
000 -LEADER
fixed length control field 01189cam a2200325 i 4500
001 - CONTROL NUMBER
control field 16038410
003 - CONTROL NUMBER IDENTIFIER
control field EG-ScBUE
005 - DATE AND TIME OF LATEST TRANSACTION
control field 20250728101007.0
008 - FIXED-LENGTH DATA ELEMENTS--GENERAL INFORMATION
fixed length control field 091231t2011 maua f bd 001 0 eng d
020 ## - INTERNATIONAL STANDARD BOOK NUMBER
International Standard Book Number 0321596943 (alk. paper)
020 ## - INTERNATIONAL STANDARD BOOK NUMBER
International Standard Book Number 9780321596949 (alk. paper)
040 ## - CATALOGING SOURCE
Original cataloging agency DLC
Language of cataloging eng
Description conventions rda
Transcribing agency DLC
Modifying agency BTCTA
-- C#P
-- BWX
-- CDX
-- YDXCP
-- VP@
-- SINPL
-- DLC
-- EG-ScBUE
082 04 - DEWEY DECIMAL CLASSIFICATION NUMBER
Classification number 543
Edition number 22
Item number HAG
100 1# - MAIN ENTRY--PERSONAL NAME
Personal name Hage, David S.,
Relator term author.
9 (RLIN) 29637
245 10 - TITLE STATEMENT
Title Analytical chemistry and quantitative analysis /
Statement of responsibility, etc David S. Hage, University of Nebraska, Lincoln, James D. Carr, University of Nebraska, Lincoln.
264 #1 - PUBLICATION, DISTRIBUTION, ETC. (IMPRINT)
Place of publication, distribution, etc Boston :
Name of publisher, distributor, etc Prentice Hall,
Date of publication, distribution, etc [2011]
264 #4 - PUBLICATION, DISTRIBUTION, ETC. (IMPRINT)
Date of publication, distribution, etc c2011
300 ## - PHYSICAL DESCRIPTION
Extent xvi, 696 pages :
Other physical details illustrations (some color) ;
Dimensions 29 cm
336 ## - CONTENT TYPE
Source rdacontent
Content type term text
Content type code txt
337 ## - MEDIA TYPE
Media type term unmediated
Source rdamedia
Media type code n
338 ## - CARRIER TYPE
Carrier type term volume
Carrier type code nc
Source rdacarrier
500 ## - GENERAL NOTE
General note Includes glossary.<br/>
504 ## - BIBLIOGRAPHY, ETC. NOTE
Bibliography, etc Includes bibliographical references and index.<br/>
650 #7 - SUBJECT ADDED ENTRY--TOPICAL TERM
Topical term or geographic name as entry element Chemistry, Analytic
General subdivision Quantitative.
9 (RLIN) 6411
Source of heading or term BUEsh
651 ## - SUBJECT ADDED ENTRY--GEOGRAPHIC NAME
Source of heading or term BUEsh
653 ## - INDEX TERM--UNCONTROLLED
Resource For college Engineering, Chemical
Arrived date list April2012
-- April2016
655 ## - INDEX TERM--GENRE/FORM
Form subdivision Text book
9 (RLIN) 33728
700 1# - ADDED ENTRY--PERSONAL NAME
Personal name Carr, James D.,
Relator term author.
9 (RLIN) 29639
942 ## - ADDED ENTRY ELEMENTS (KOHA)
Source of classification or shelving scheme Dewey Decimal Classification
Koha item type Book - Borrowing
Holdings
Withdrawn status Lost status Source of classification or shelving scheme Damaged status Not for loan Collection code Home library Current library Shelving location Date acquired Source of acquisition Cost, normal purchase price Total Checkouts Full call number Barcode Date last seen Cost, replacement price Koha item type Total Renewals Date checked out Price effective from Materials specified (bound volume or other part) Checked out
    Dewey Decimal Classification     Baccah Central Library Central Library First floor 11/04/2012 Purchase 180.00   543 HAG 000026643 15/07/2025 225.00 NB - Book (Non borrowing)          
    Dewey Decimal Classification     Baccah Central Library Central Library First floor 11/04/2012   180.00 2 543 HAG 000026644 15/07/2025 225.00 Book - Borrowing 7 22/10/2015 11/04/2012    
    Dewey Decimal Classification     Baccah Central Library Central Library First floor 11/04/2012   180.00 2 543 HAG 000026635 15/07/2025 225.00 Book - Borrowing 6 25/10/2015 11/04/2012    
    Dewey Decimal Classification     Baccah Central Library Central Library First floor 11/04/2012 Purchase 180.00 1 543 HAG 000026621 15/07/2025 225.00 Book - Borrowing   24/02/2014      
    Dewey Decimal Classification     Baccah Central Library Central Library First floor 11/04/2012   180.00 2 543 HAG 000026633 15/07/2025 225.00 Book - Borrowing 72 15/03/2017 11/04/2012    
  Lost Dewey Decimal Classification     Baccah Central Library Central Library First floor 11/04/2012 Purchase 180.00   543 HAG 000026620 23/06/2013 225.00 Book - Borrowing       Lost In Inventory_2017-8-25  
    Dewey Decimal Classification     Baccah Central Library Central Library First floor 11/04/2012   180.00 1 543 HAG 000026632 23/11/2014 225.00 Book - Borrowing 61 23/11/2014 11/04/2012   07/06/2025
    Dewey Decimal Classification     Baccah Central Library Central Library First floor 11/04/2012 Purchase 180.00 1 543 HAG 000026593 15/07/2025 225.00 Book - Borrowing 1 23/01/2014      
    Dewey Decimal Classification     Baccah Central Library Central Library First floor 11/04/2012   180.00 1 543 HAG 000026597 15/07/2025 225.00 Book - Borrowing   20/10/2015 11/04/2012    
    Dewey Decimal Classification     Baccah Central Library Central Library First floor 11/04/2012 Purchase 180.00 1 543 HAG 000026596 15/07/2025 225.00 Book - Borrowing   13/06/2013      
    Dewey Decimal Classification     Baccah Central Library Central Library First floor 04/04/2016 Purchase     543 HAG 000032275 15/07/2025   Book - Borrowing     04/04/2016    
    Dewey Decimal Classification     Baccah Central Library Central Library First floor 04/04/2016 Purchase     543 HAG 000032277 15/07/2025   Book - Borrowing     04/04/2016